| 000 | 00483nam a2200133 a 4500 | ||
|---|---|---|---|
| 008 | 120416s1964 ||||||||||||||||| || u | ||
| 050 | _aRA 1213 Rod | ||
| 100 | _aRodale, J. C | ||
| 245 | 1 | 0 | _aOur poisoned earth and sky |
| 260 |
_aEmmaus, Pennsylvania _bRodale Books _c1964 |
||
| 300 | _a735p. | ||
| 350 | _a0.00 | ||
| 995 |
_D0.00 _FCBU-MAIN LIBRARY (Kitwe) _H1 _I8.95 _M1 _UAVAILABLE _WApr 10, 2007 _ZAnnex Low-Usage Collection |
||
| 999 |
_c52982 _d52982 |
||